000 00518ntaaa2200205 4500
003 01
005 20251027202154.0
008 0714s1973 ag 01
040 _aAR-BaBN
_bspa
_cAR-BaBN
_eaacr
_dRIC
082 _a266.8100 Su8
100 _aSutton, Joan Riffey
_920291
245 _aLittle missionary
250 _a1 ed.
260 _aNashville :
_bBroadman Press,
_cc1954
300 _a69 p
500 _aMission study book on Brazil for primaries
650 _amisiones-Brasil
650 _aBrasil
942 _cBK
999 _c16710
_d16710